000 00542nam a2200181Ia 4500
005 20250508162204.0
008 008 250505s9999 xx 000 0 eng d
037 _aTextual
040 _aFEDL
_beng
_cFEDL
041 _aeng
_2eng
084 _a807, LAR
_qFEDL
100 _aLarson Richard L
_9772539
245 0 _aChildren and writing in the elementary school : Theories and techniques
260 _aNew York, USA
_bOxford University Press
_c1975
300 _a420p.
942 _cTEXL
_h807, LAR
999 _c1374916
_d1374916